Statistiques concernant Guess the Kpop artist by the song

Cliquez ici pour prendre le quiz!

Statistiques générales

  • Ce quiz a été pris 373 fois
  • Le résultat moyen est 27 sur 50

Statistiques - réponses

Song titleArtists% Correct
LALISALisa
95%
Next levelaespa
93%
The feelsTWICE
93%
OMGNew Jeans
88%
Sugar Rush RideTxT
88%
WhistleBlackpink
87%
FEVEREnhypen
85%
Go goBTS
84%
Oh my god(G)-idle
82%
You & meJennie
79%
Love me like thisNMIXX
77%
I AmIVE
74%
ReplayShinee
73%
MmmhKai
72%
Hala HalaAteez
71%
Like CrazyJimin
69%
TaStray Kids
68%
Cherry bombNCT 127
67%
LA DI DAEverglow
65%
GentlemanPSY
65%
DaechwitaAgust D
64%
BTBTB.I
62%
CheersSeventeen
61%
Make A Wish (Birthday song)NCT U
59%
WolfEXO
57%
The stealerThe boyz
55%
SHALALATaeyong
51%
MOVETaemin
50%
Love TalkWayV
49%
Tell meWonder Girls
48%
Pray (I’ll be your man)BTOB
42%
When we discoJ.Y.Park, Sunmi
40%
EnergeticWanna one
40%
FollowMonsta X
39%
Killing meiKon
38%
ShinePentagon
38%
One and OnlyBOYNEXTDOOR
37%
Okay DokeyMino, Zico
37%
Shoot meDay6
32%
The boysSNSD
32%
O sole mioSF9
31%
Bonnie & ClydeYuqi
31%
Back to meThe Rose
29%
Black mirrorOneus
26%
Good BoyGD, Taeyang
24%
ZutterBIGBANG
23%
FictionBeast
21%
HerBlock b
18%
ErrorVIXX
13%
Lollipop2ne1, BIGBANG
12%

Distribution des résultats

Percentile par nombre de réponses

% des personnes avec chaque résultat

Votre développement - résultats

Vous n’avez pas pris ce quiz